000 00549nam a2200181 i 4500
001 135567
003 ES-MaACL
005 20250801094007.0
007 t|
008 070719s1925 sp ||||1| spa d
100 1 _aTorre, Guillermo de (
_d1900-1971)
_9110740
245 1 0 _aLiteraturas europeas de vanguardia /
_cGuillermo de Torre.
260 _aMadrid :
_bCaro Raggio,
_c[1925]
300 _a310 p. ;
_c19 cm.
650 1 4 _aLiteratura europea-
_xHistoria y crítica
_914577
852 _aES-MaACL
_jF-13468
999 _c135567
_d135567